| 000 | 00714nam a22001697a 4500 | ||
|---|---|---|---|
| 082 |
_a891.44 _bMEH |
||
| 100 | _aMehmood, Khalid | ||
| 245 |
_aRabindranath Tagore: Fikr-o-Fun / _cedited by Khalid Mehmood and Shahzad Anjum |
||
| 260 |
_aKarachi: _bBook Time, _c2016. |
||
| 300 |
_a645 pages ; _c22 cm |
||
| 563 | _aHB | ||
| 650 |
_aTagore, Rabindranath, 1861–1941 — Criticism and interpretation _9129586 |
||
| 880 |
_6100-01\(3\r _aخالد محمود، شہزاد انجم |
||
| 880 |
_6245-02\(3\r _aرابندر ناتھ ٹیگور: فکر و فن / _b مرتبین: خالد محمود، شہزاد انجم۔ |
||
| 880 |
_6260-03\(3\r _a کراچی: _bبک ٹائم، _c2016ء |
||
| 942 |
_2ddc _cBK |
||
| 999 |
_c614204 _d614204 |
||